000
00302nam a2200133Ia 4500
005
20251222140029.0
008
251222s1900||||xx |||||||||||||| ||spa||
020
_a
8401376998
082
_a
211.1/C566
100
_a
Chopra, Deepak
245
0
_a
Conocer a Dios:
264
_b
Plaza Janés
942
_c
LIB
999
_c
2885
_d
2885